000 00612nam a2200241Ia 4500
005 20251020182457.0
008 200515s9999 xx 000 0 und d
020 _a84-291-2011-4
082 _a624.0590/B79
100 _aBarbat, Alex H.
100 _aBozzo, Luis M.
245 0 _aDiseño sismo resistente de edificios : Técnicas convencionales y avanzadas
260 _aBarcelona
260 _bREVERTÉ
260 _c2000
300 _a380 p.
300 _bil., tbl., graf.
500 _a1 ejemplar
650 _aDISEÑOSISMORESISTENTE
650 _aEDIFICIOS
942 _cLIB
999 _c1032
_d1032